000 00817nam a22002177a 4500
008 170211b xxu||||| |||| 00| 0 eng d
020 _a0-8213-4783-7
082 _22000
_aDC 363.738709475
_bK82c
100 _918689
_aKojima, Masami
245 _aCleaner transport fuels for cleaner air in Central Asia and the Caucasus/
_cMasami Kojima [and three others]
260 _aWashington, DC:
_bThe World Bank,
_cc2000.
300 _aiv, 36 pages:
_billustrations;
_c28 cm.
500 _aIncludes bibliographical references.
650 0 _918690
_aAir quality management
_zAsia, Central
650 0 _918691
_aAir quality management
_xTranscaucasia
650 0 _918692
_aMotor fuels
_zAsia, Central
700 _918693
_aBacon, Robert W.
700 _918694
_aFodor, Martin
700 _918695
_aLovei, Magda
942 _2ddc
_cDC
999 _c6193
_d6193